000 00897nac a22002417a 4500
001 BR8303280
003 BR-BrBNA
005 20240105115746.0
008 230509b bl.|||m| |||| 00| 0 por d
040 _aBR-BrBNA
_bpor
_cBiblioteca Nacional de Agricultura
072 _aU20
090 _aU20 BR8303280
100 1 _aFresneda, P.S.V.
110 1 _aComissao Brasileira de Documentacao Agricola, Brasilia, DF
_91946
245 1 _aSistema de informacao da pesquisa; um mecanismo de coleta, armazenamento e disseminacao de informacoes da pesquisa agropecuaria [Brasil]
260 3 _aBrasilia, DF (Brasil):
_c1983.
300 _a18 p.
490 _aDocumentacao e Informacao Agricola - Comissao Brasileira de Documentacao Agricola (Brazil)
_vno. 1
_x
650 _aDOCUMENTACAO
650 _aSISTEMA DE INFORMACAO
909 _a202312
_bLúcia Elande
_c55
_dLúcia Elande
942 _2AGRIS
_n0
_cMS
999 _c276259
_d276259